Ο ύπνος των ηρώων

Αποθηκεύτηκε σε:
Λεπτομέρειες βιβλιογραφικής εγγραφής
Κύριος συγγραφέας: Κατσαδώρος, Γεώργιος Κ.
Μορφή: Βιβλίο
Γλώσσα:Greek
Δημοσίευση: Αθήνα : [Ελληνική Λαογραφική Εταιρεία], 2008
Σειρά:Λαογραφία. δελτίον της Ελληνικής Λαογραφικής Εταιρείας ; ; 1
Θέματα:
Ετικέτες: Προσθήκη ετικέτας
Δεν υπάρχουν, Καταχωρήστε ετικέτα πρώτοι!

MARC

LEADER 00000cam a2200000 i 4500
001 1/99297
008 081212s2008 gre d
020 |a 978-960-89854-1-4 
035 |l 10102409 
040 |a GR-MY-UA  |b gre  |e aacr 
041 0 |a gre 
082 0 |a 398.20489  |2 (22) 
100 1 |a Κατσαδώρος, Γεώργιος Κ. 
245 1 2 |a Ο ύπνος των ηρώων /  |c Γεώργιος Κ. Κατσαδώρος 
260 |a Αθήνα :   |b [Ελληνική Λαογραφική Εταιρεία],   |c 2008 
300 |a 71 σ.;  |c 24 εκ. 
490 1 |a Λαογραφία. δελτίον της Ελληνικής Λαογραφικής Εταιρείας  |v ; 1 
650 0 0 |a Folk literature  |x History and criticism. 
650 0 0 |a Mythology. 
650 0 0 |a Folklore  |z Greece. 
830 0 |a Λαογραφία. δελτίον της Ελληνικής Λαογραφικής Εταιρείας ;  |v ; 1 
852 |a INST  |b RHODES  |e 20081212  |h 398.20489 ΚΑΤ  |p 005400031642  |q 005400031642  |t BK  |y 0 
901 |a BIBL4-2008-3 
909 |a Ρ  |b 156691 
970 |a ΚΟΖΑ  |b ΜΑΡΙΑ  |z 2008/12/12